Statistics for Countries With Most Cities Over 5 Million

Click here to take the quiz!

General Stats

  • This quiz has been taken 1,121 times
  • The average score is 32 of 40

Answer Stats

HintAnswer% Correct
20China
100%
9India
99%
9United States
99%
3Brazil
98%
1United Kingdom
98%
2Mexico
97%
1France
96%
2Russia
96%
4Japan
94%
1Egypt
93%
1Indonesia
93%
1Argentina
92%
1South Africa
90%
1Nigeria
89%
2Pakistan
88%
2Spain
88%
1Colombia
87%
1Canada
86%
1Turkey
86%
1Iran
84%
1South Korea
83%
1Peru
82%
1Bangladesh
81%
1D.R. Congo
81%
1Chile
80%
1Thailand
80%
1Vietnam
80%
1Saudi Arabia
73%
1Malaysia
72%
1Philippines
72%
1Iraq
71%
1Ethiopia
68%
1Kenya
64%
1Tanzania
63%
1Taiwan
61%
1United Arab Emirates
56%
1Myanmar
53%
1Singapore
53%
1Sudan
53%
1Angola
46%

Score Distribution

Percentile by Number Answered

Percent of People with Each Score

Your Score History

You have not taken this quiz